Statistics for Smallest Countries By Area and Population A-Z

Click here to take the quiz!

General Stats

  • This quiz has been taken 147 times
  • The average score is 38 of 48

Answer Stats

HintAnswer% Correct
VVatican City
95%
VVatican City
95%
QQatar
93%
QQatar
93%
YYemen
91%
YYemen
91%
ZZimbabwe
91%
ZZimbabwe
91%
OOman
89%
OOman
89%
MMonaco
88%
MMonaco
88%
NNauru
88%
NNauru
88%
AAndorra
87%
PPalau
85%
PPalau
85%
TTuvalu
85%
TTuvalu
85%
LLiechtenstein
84%
LLiechtenstein
84%
AAntigua and Barbuda
83%
JJamaica
83%
JJamaica
83%
KKiribati
83%
KKiribati
83%
BBarbados
82%
BBarbados
82%
SSan Marino
81%
SSan Marino
81%
HHaiti
79%
FFiji
78%
FFiji
78%
DDominica
77%
DDominica
77%
GGrenada
76%
GGrenada
76%
RRwanda
76%
RRwanda
76%
HHonduras
73%
UUruguay
70%
IIceland
69%
CCape Verde
63%
CComoros
61%
EEast Timor
59%
UUnited Arab Emirates
57%
IIsrael
52%
EEquatorial Guinea/East Timor
1%

Score Distribution

Percentile by Number Answered

Percent of People with Each Score

Your Score History

You have not taken this quiz